[Event "Niedersachsen-ch"]
[Site "Bad Lauterberg"]
[Date "2003.04.14"]
[Round "4.7"]
[White "Baumann, Eckhard"]
[Black "Dunkhorst, Olaf"]
[Result "0-1"]
[WhiteElo "1833"]
[BlackElo "2014"]
[PlyCount "80"]
[EventDate "2003.??.??"]
[EventType "swiss"]
[EventRounds "9"]
[EventCountry "GER"]
[SourceTitle "EXT 2004"]
[Source "ChessBase"]
[SourceDate "2003.11.25"]
[SourceVersion "1"]
[SourceVersionDate "2003.11.25"]
[SourceQuality "1"]

1. b4 e6 2. Bb2 Nf6 3. b5 c6 4. a4 a6 5. c4 d5 6. e3 Bd7 7. Nc3 Be7 8. Nf3 0-0 9. Qb3 axb5 10. axb5 Rxa1+ 11. Bxa1 Qa5 12. Bb2 dxc4 13. Bxc4 cxb5 14. Nxb5 Nc6 15. 0-0 Qb6 16. Nc3 Qxb3 17. Bxb3 Na5 18. Ba4 Bxa4 19. Nxa4 b5 20. Bc3 bxa4 21. Bxa5 Ra8 22. Bc3 Nd5 23. Bd4 f6 24. e4 Nf4 25. g3 Nd3 26. Ra1 e5 27. Be3 a3 28. Ne1 Nxe1 29. Rxe1 Kf7 30. Kf1 Ke6 31. Ke2 Kd6 32. Kd3 Kc6 33. Kc3 Kb5 34. Kb3 Ra4 35. d3 Rb4+ 36. Ka2 Rb2+ 37. Ka1 Ka4 38. d4 Kb3 39. Rb1 Rxb1+ 40. Kxb1 a2+ 0-1

[Event "Naujac op 02nd"]
[Site "Naujac"]
[Date "1999.??.??"]
[Round "6"]
[White "Baumann, Eckhard"]
[Black "Sainte Luce, Selim"]
[Result "1-0"]
[WhiteElo "1805"]
[BlackElo "1660"]
[PlyCount "71"]
[EventDate "1999.07.??"]
[EventType "swiss"]
[EventRounds "7"]
[EventCountry "FRA"]
[SourceTitle "EXT 2000"]
[Source "ChessBase"]
[SourceDate "1999.11.16"]
[SourceVersion "1"]
[SourceVersionDate "1999.11.16"]
[SourceQuality "1"]

1. f4 g6 2. Nf3 Bg7 3. e4 d6 4. d4 Nd7 5. c4 e5 6. fxe5 dxe5 7. d5 Ngf6 8. Nc3 0-0 9. h3 Re8 10. Be3 Nb6 11. b3 Qe7 12. a3 Rd8 13. Qd2 c6 14. c5 Nbd7 15. d6 Qe8 16. Bc4 b6 17. b4 Rb8 18. Ng5 Qf8 19. Nxf7 Re8 20. 0-0 Rb7 21. Nxe5+ Kh8 22. Nf7+ Kg8 23. e5 Nxe5 24. Nxe5+ Kh8 25. Nxc6 Be6 26. Bxe6 Rxe6 27. Bd4 Qe8 28. Ne7 Rbxe7 29. dxe7 Qxe7 30. Rae1 Rxe1 31. Qxe1 Qxe1 32. Rxe1 Kg8 33. Re7 Nh5 34. Bxg7 Nxg7 35. Rxg7+ Kxg7 36. c6 1-0